Will Forte Filmography - Statistics

General Stats
  • This quiz has been taken 27 times
    13 since last reset
  • The average score is 16 of 157
Answer Stats
Type Year Name % Correct
Film 2009 Cloudy with a Chance of Meatballs
67%
TV Show 2002-2010, 2011-2024 Saturday Night Live
67%
TV Show 2007, 2010-2012 30 Rock
33%
Film 2011 A Good Old Fashioned Orgy
33%
TV Show 2009-2024 American Dad!
33%
Film 2021 America: The Motion Picture
33%
TV Show 2006 Aqua Teen Hunger Force
33%
Film 2004 Around the World in 80 Days
33%
Film 2008 Baby Mama
33%
Film 2006 Beerfest
33%
Film 2009 Brief Interviews with Hideous Men
33%
TV Show 2006 Campus Ladies
33%
TV Show 2002-2003 Clone High
33%
Web Series 2023-2024 Clone High
33%
Film 2013 Cloudy with a Chance of Meatballs 2
33%
Film 2026 Coyote v. Acme
33%
TV Show 2006 Drawn Together
33%
Film 2009 Fanboys
33%
TV Show 2007 Flight of the Conchords
33%
TV Show 2010 Funny or Die Presents...
33%
TV Show 2008, 2010 How I Met Your Mother
33%
TV Show 1997 Late Show with David Letterman
33%
TV Show 2016 Maya & Marty
33%
Film 2013 Nebraska
33%
TV Show 2011 Parks and Recreation
33%
Film 2012 Rock of Ages
33%
Documentary 2010 Saturday Night
33%
TV Special 2015 Saturday Night Live: 40th Anniversary Special
33%
TV Show 2008-2009 Saturday Night Live: Weekend Update Summer Edition
33%
TV Show 2009 Sit Down, Shut Up
33%
TV Special 2025 SNL50: The Anniversary Special
33%
TV Show 2010 Squidbillies
33%
Film 2023 Strays
33%
TV Show 2022, 2025 Studio C
33%
Film 2026 The Breadwinner
33%
Film 2007 The Brothers Solomon
33%
TV Show 2009-2013 The Cleveland Show
33%
Film 2014 The LEGO Movie
33%
Film 2019 The LEGO Movie 2: The Second Part
33%
TV Show 2010 The Life & Times of Tim
33%
TV Show 2014, 2019, 2022 The Simpsons
33%
Film 2009 The Slammin' Salmon
33%
TV Show 2007-2010 Tim and Eric Awesome Show, Great Job!
33%
TV Show 2010 WWE Raw
33%
TV Show 2008 Young Person's Guide to History
33%
Film 2014 22 Jump Street
0%
Documentary Series 2004 60 Minutes
0%
TV Film 2015 7 Days in Hell
0%
Film 2018 A Futile and Stupid Gesture
0%
TV Show 2019 Alien News Desk
0%
Film 2023 Aliens Abducted My Parents and Now I Feel Kinda Left Out
0%
TV Show 2011 Allen Gregory
0%
Web Series 2011 Always Open
0%
Film 2014 Apartment Troubles
0%
Short Film 2011 Audio Tour
0%
TV Show 2013-2024 Bob's Burgers
0%
Web Series 2024 Bodkin
0%
Film 2019 Booksmart
0%
Web Series 2021 Chicago Party Aunt
0%
TV Short 2013 Coffin Dodgers
0%
Web Series 2014 CollegeHumor Originals
0%
TV Show 2012, 2013 Comedy Bang! Bang!
0%
TV Special 2025 Conan O'Brien: The Kennedy Center Mark Twain Prize for American Humor
0%
TV Show 2019 Crank Yankers
0%
TV Show 2010 Cubed
0%
Short Film 2011 Dear Woman
0%
Commercial 2016 DirecTV
0%
Film 2015 Don Verdean
0%
Film 2020 Drunk Bus
0%
TV Show 2013 Drunk History
0%
Film 2009 Dry Cleaner
0%
Short Film 2020 Dwell
0%
Web Mini-Series TBA Expiration Date
0%
Film 2019 Extra Ordinary
0%
Short Film 2008 Falseface
0%
Web Series 2020 Flipped
0%
Web Series 2019 Future Man
0%
Film 2015 Get Squirrely
0%
Film 2019 Good Boys
0%
Video Game 2009 Grand Theft Auto: Liberty City Stories
0%
TV Show 2012-2016 Gravity Falls
0%
Web Series 2024 Gremlins: Secrets of the Mogwai
0%
Film 2013 Grown Ups 2
0%
Web Series 2025 Haunted Hotel
0%
Documentary 2020 Have a Good Trip: Adventures in Psychedelics
0%
Web Series 2020 Hoops
0%
TV Show 2021-2023 HouseBroken
0%
Web Series 2019, 2023 I Think You Should Leave with Tim Robinson
0%
Film 2016 Keanu
0%
Film 2025 Kinda Pregnant
0%
TV Show 2023 Krapopolis
0%
TV Show 2013, 2014 Kroll Show
0%
TV Show 2012-2015 Lab Rats
0%
TV Show 2021-2022 Late Night with Seth Meyers
0%
TV Show 2018 Lethal Weapon
0%
Film 2013 Life of Crime
0%
Film 2018 Luis and the Aliens
0%
Film 2010 MacGruber
0%
TV Show 2021 MacGruber
0%
Film TBA MacGruber 2
0%
Web Special 2017 Michael Bolton's Big, Sexy Valentine's Day Special
0%
Podcast 2021 Middlespace: The Rebels Attack, and Then the Other Side Attacks as Well
0%
TV Show 2015 Moonbeam City
0%
TV Show 2010 Morning Prayer with Skott and Behr
0%
Film 2017 My Life as a Courgette
0%
TV Special 2006, 2008, 2010, 2015, 2017 Night of Too Many Stars
0%
Web Series 2021 No Activity
0%
Film 2016 Popstar: Never Stop Never Stopping
0%
TV Short 2012 Rebounding
0%
TV Show 2012 Reggie Makes Music
0%
TV Show 2022 Rick and Morty
0%
Film 2023 Ruby Gillman: Teenage Kraken
0%
Film 2013 Run & Jump
0%
TV Short 2005 Samson and Delilah
0%
TV Documentary 2010 Saturday Night Live in the 2000s: Time and Again
0%
TV Special 2004 Saturday Night Live: Presidential Bash 2004
0%
TV Special 2003 Saturday Night Live Weekend Update Halftime Special
0%
Web Series 2024-Present Sausage Party: Foodtopia
0%
Film 2020 Scoob!
0%
Web Mini-Series 2023 Scott Pilgrim Takes Off
0%
Film 2014 She's Funny That Way
0%
TV Show 2019 Show Offs
0%
Documentary Series 2025 Somebody Feed Phil
0%
Film 2015 Staten Island Summer
0%
Film 2022 Studio 666
0%
TV Show 2025 Sunny Nights
0%
Web Series 2021, 2024 Sweet Tooth
0%
Web Series 2024 That '90s Show
0%
Film 2012 That's My Boy
0%
Web Series 2022 The Afterparty
0%
Web Series 2014-2015 The Awesomes
0%
Short Film 2012 The Bluegrass Brainwash Conspiracy
0%
Web Series 2025-Present The Four Seasons
0%
TV Show 2017 The Gong Show
0%
TV Show 2021-Present The Great North
0%
Short Film 2012 The Immigrant
0%
Web Series 2022 The Kids in the Hall
0%
TV Show 2015-2018 The Last Man on Earth
0%
Film 2019 The Laundromat
0%
TV Show 2011, 2015 The League
0%
Film 2024 Thelma the Unicorn
0%
Podcast 2024 The Novelizers with Andy Richter
0%
Film 2015 The Ridiculous 6
0%
TV Show 2020 The Shivering Truth
0%
Film 2012 The Watch
0%
Film 2020 The Willoughbys
0%
TV Short 2017 Tim and Eric Awesome Show, Great Job! Awesome 10 Year Anniversary Version, Great Job?
0%
Web Series 2007 Tim and Eric Nite Live!
0%
Film 2012 Tim and Eric's Billion Dollar Movie
0%
TV Show 2017 Tim & Eric's Bedtime Stories
0%
TV Film 2017 Tour de Pharmacy
0%
TV Show 2011, 2012 Up All Night
0%
Film 2022 Weird: The Al Yankovic Story
0%
TV Show 2020 Who Wants to Be a Millionaire
0%
TV Special 2019 Will Forte: Time of Your Time
0%
Documentary 2024 Will & Harper
0%
Web Mini-Series 2025 Win or Lose
0%
No matching quizzes found
Score Distribution
Percent of People with Each Score
Percentile by Number Answered
Your Score History
You have not taken this quiz since the last reset